Introducción bibliotecológica : procesos técnicos y soportes de información /

Guardado en:
Autor Principal: Murillo Madrigal, Alexandra
Otros Autores: Gonzalez Del Valle, Laura
Formato: Libro
Publicado: Buenos Aires : Biblioteca Nacional de Maestros, 2003
Series:Colección la biblioteca escolar en la escuela de hoy; No. l
Materias:
Etiquetas: Agregar Etiqueta
Sin Etiquetas, Sea el primero en etiquetar este registro!
LEADER 01299nam a22002415a 4500
001 CEM.cems011885
005 20070528114319.0
008 130507s2003##################000#0#####d
003 CEMS
082 0 4 |a 025.3 
100 1 |a Murillo Madrigal, Alexandra 
245 1 0 |a Introducción bibliotecológica :  |b procesos técnicos y soportes de información /  |c Alexandra Murillo Madrigal y Laura González Del Valle 
260 |a Buenos Aires :  |b Biblioteca Nacional de Maestros,  |c 2003 
300 |a 32 p. 
490 0 |a Colección la biblioteca escolar en la escuela de hoy; No. l 
505 0 |a El proceso documentario -- Normalización -- Catalogación -- Clasificación -- Análisis de contenido -- Red conceptual -- Concepto de soporte de información -- Tipos de soportes en la biblioteca actual -- Registro de los soportes -- Fuentes de información y particularidades de los soportes -- Identificación de soportes : DGM y DEM -- Hojas de carga, DGM y DEM -- Red conceptual -- 
653 |a Bibliotecología 
653 |a Biblioteca escolar 
653 |a Soportes de información 
653 |a Análisis documental 
700 1 |a Gonzalez Del Valle, Laura 
859 |a CEMS  |b BIB. CEMS - 11 de abril  |h 025.3  |i M946  |p 22887.05  |t Ej.1 
859 |a CEMS  |b BIB. CEMS - 11 de abril  |h 025.3  |i M946  |p 23116.05  |t Ej.2